书目信息 |
| 题名: |
即学即用DBASE5(DOS专版)
|
|
| 作者: | 美Y.J 著 ;徐宝文 译 | |
| 分册: | ||
| 出版信息: | 电子工业出版社 1991. 1 |
|
| 页数: | 817页 | |
| 开本: | 16开 | |
| 丛书名: | ||
| 单 册: | ||
| 中图分类: | TP319 | |
| 科图分类: | ||
| 主题词: | 软件 | |
| 电子资源: | ||
| ISBN: | ||
| 000 | 00559nam0 2200205 45 | |
| 001 | 0308271044 | |
| 005 | 20030827105626.5 | |
| 010 | @dRMB98.00 | |
| 100 | @a20030827d1991 km y0chiy0120 ea | |
| 101 | @achi | |
| 105 | @a z 000yy | |
| 200 | 1 | @a即学即用DBASE5(DOS专版)@Aji xue ji yong DBASE5(DOS zhuan ban)@f[美]Y.J著@F[mei]Y.J zhu@g徐宝文译 |
| 210 | @c电子工业出版社@d1991. 1 | |
| 215 | @a817页@c无图表@d16开 | |
| 606 | 0 | @a软件 |
| 690 | @aTP319@v3 | |
| 701 | 0 | @a美Y.J@4著 |
| 702 | 0 | @a徐宝文@4译 |
| 801 | @aCN@b@c20030827 | |
| 905 | @aBZT@dTP319@e108 | |
| 即学即用DBASE5(DOS专版)/[美]Y.J著/徐宝文译.-电子工业出版社,1991. 1 |
| 817页:无图表;16开 |
| ISBN :RMB98.00 |
| ● |
| 相关链接 |
|
|
|
正题名:即学即用DBASE5(DOS专版)
索取号:TP319/108
 
预约/预借
| 序号 | 登录号 | 条形码 | 馆藏地/架位号 | 状态 | 备注 |
| 1 | 87192 | 200057525 | 中心书库中库/ 中库027架A面3列5层38/ [索取号:TP319/108] | 在馆 |